| 000 | 01395nam0a22003251 4500 | ||
|---|---|---|---|
| 001 | rc\2984453 | ||
| 005 | 20110913220524.0 | ||
| 035 | _a(NLR Aleph) 007129151 | ||
| 090 |
_a6941432 _c6941432 |
||
| 100 | _a20110913d1937 |||y0rusy50 ca | ||
| 101 | 1 |
_arus _ceng |
|
| 102 | _aRU | ||
| 105 | _aa z ||||| | ||
| 200 | 1 |
_aВсе люди - враги _eРоман _fРичард Олдингтон _gПер. с англ. В.Л. Дуговской и Е.А. Лопыревой _gПод ред. М.А. Дьяконова _gПредисл. Т.И. Сильман |
|
| 210 |
_aЛенинград _cГослитиздат _d1937 _gтип. "Печатный двор" им. А.М. Горького |
||
| 215 |
_aПереплет, 592, [2] с. _cил. _d20х14 см |
||
| 300 | _aНа обороте тит. л.: "Richard Aldington. All men are enemies. London. 1934" | ||
| 300 | _aПереплет, титул и шмуцтитула: В.В. Зенькович | ||
| 700 | 1 |
_aОлдингтон _bР. _f1892-1962 _gРичард |
|
| 702 | 1 |
_aДуговская _bВ. Л. _4730 |
|
| 702 | 1 |
_aЛопырева _bЕ. А. _4730 |
|
| 702 | 1 |
_aДьяконов _bМ. А. _4340 |
|
| 702 | 1 |
_aСильман _bТ. И. _4080 |
|
| 702 | 1 |
_aЗенькович _bВ. В. _4570 |
|
| 801 | 0 |
_aRU _bNLR _gpsbo |
|
| 801 | 1 |
_aRU _bELAR _2rusmarc |
|
| 852 |
_aNLR _j60 В-3/656 |
||
| 852 |
_aNLR _j37-3/113 |
||
| 942 | _cBOOK | ||
| 980 | _aNB | ||